02334nam a22003135a 4500003000900000005001700009008004100026020001800067040004300085082002100128100002900149245005500178264005800233264001000291300002200301336002600323337002800349338002700377504004100404520118800445650002801633651001001661653002401671655002401695942001201719999001701731952013601748952013601884EG-ScBUE20220123091349.0190327t2018 mf f b 000 0 eng d a9786139976454 aEG-ScBUEbengerdacEG-ScBUEdEG-ScBUE04a823.009bSOL2221 aSoliman, Nagwa,eauthor.14aThe upsurge of the English novel /cNagwa Soliman. 1aMauritius :bLAP LAMBERT Academic Publishing,c[2018] 4cc2018 a65 pages ;c22 cm 2rdacontentatextbtxt 2rdamediaaunmediatedbn 2rdacarrieravolumebnc aIncludes bibliographical references. aThe rise of the English novel in English literature has a long and colorful history. Not until the eighteenth century, however, did the novel genre appear and it completely broke the traditions of the past and opened the door to a whole new generation of writers. This new genre helped alter the literary landscape forever, as reading novels has developed our own perspectives giving us understanding and control. Moreover, it is one of the most persuasive and influential factors in life, as it makes us realize our humanity. The purpose of this book is to attempt to give first a short brief historical background of the rise of the English novel. Secondly, reasons behind the rise of the English novel are analyzed. Thirdly, the elements of the novel are discussed in detail. Fourthly, the three stages of reading a novel are illuminated. Fifthly, satire in Swift’s Gulliver’s Travels (1726) is examined thoroughly. Finally, Defoe’s Robinson Crusoe (1719) is critically analyzed and evaluated via two perspectives namely the postcolonial theory and the spiritual journey. This book should be useful to students and literature instructors at Faculties of Arts and Humanities. 7aEnglish fiction.2BUEsh 2BUEsh bHHUUEENNcMarch2019 vReading book934232 2ddccBB c27316d27287 00102ddc40708BaccahaMAINbMAINc2NDd2019-03-27ePurchaseg850.00l0o823.009 SOLp000044488r2025-07-15 00:00:00v1062.50yNB 00102ddc40708BaccahaMAINbMAINc2NDd2019-03-27ePurchaseg850.00l0o823.009 SOLp000044489r2025-07-15 00:00:00v1062.50yNB